"Orissa budget in brief, 1987-88." (Record no. 693074)

MARC details
000 -LEADER
fixed length control field 00866nam a2200241Ia 4500
003 - CONTROL NUMBER IDENTIFIER
control field OSt
005 - DATE AND TIME OF LATEST TRANSACTION
control field 20220927105546.0
008 - FIXED-LENGTH DATA ELEMENTS--GENERAL INFORMATION
fixed length control field 220926b |||||||| |||| 00| 0 eng d
037 ## - SOURCE OF ACQUISITION
Terms of availability Reference Collections
040 ## - CATALOGING SOURCE
Original cataloging agency RTL
Transcribing agency RTL
Language of cataloging eng
041 ## - LANGUAGE CODE
Source of code eng
Language code of text/sound track or separate title eng
110 ## - MAIN ENTRY--CORPORATE NAME
Corporate name or jurisdiction name as entry element "ORISSA, (Govt. of-), STATISTICS AND ECONOMICS, (Bureau of-), PUBLIC FINANCE DIVISION."
9 (RLIN) 373253
245 #0 - TITLE STATEMENT
Title "Orissa budget in brief, 1987-88."
260 ## - PUBLICATION, DISTRIBUTION, ETC.
Place of publication, distribution, etc. Bhubaneswar
Name of publisher, distributor, etc. Bureau of Statistics and economics.
Date of publication, distribution, etc. 1987
300 ## - PHYSICAL DESCRIPTION
Extent 40p.
Dimensions cm.
700 ## - ADDED ENTRY--PERSONAL NAME
Personal name "ORISSA, (Govt. of-), STATISTICS AND ECONOMICS, (Bureau of-), PUBLIC FINANCE DIVISION."
9 (RLIN) 373254
942 ## - ADDED ENTRY ELEMENTS (KOHA)
Classification part "X71.254.N88<-N87, M7/GD"
Koha item type
Holdings
Withdrawn status Lost status Damaged status Not for loan Home library Current library Date acquired Total Checkouts Full call number Barcode Date last seen Price effective from Koha item type
        Ratan Tata Library Ratan Tata Library 2022-09-27   "X71.254.N88<-N87 M7/GD" RT1453093 2022-09-27 2022-09-27  
Copyright @ Delhi University Library System